| 000 | 02224nam0a2200373 i 4500 | ||
|---|---|---|---|
| 001 | RU\NLR\bibl\1919023 | ||
| 005 | 20260407054127.0 | ||
| 021 |
_aRU _b2012-1363и _9186и |
||
| 035 | _a(NLR Aleph) 001908502 | ||
| 090 |
_a3143927 _c3143927 |
||
| 100 | _a20120628d2011 u y0rusy50 ca | ||
| 101 | 0 |
_arus _aeng |
|
| 102 | _aRU | ||
| 105 | _aa ||||||||| | ||
| 200 | 1 |
_aОн и Она (Лев Толстой и Софья Толстая) _dHe and She (Lev Tolstoy and Sofia Tolstaya) _eкаталог материалов из фондов Государственного музея Л.Н. Толстого _e[к 100-летию со дня основания Государственного музея Л.Н. Толстого] _fГос. музей Л.Н. Толстого _g[авт. вступ. ст. и сост.: Н.А. Калинина] _zeng |
|
| 210 |
_aМосква _cЛев Толстой _d2011 |
||
| 215 |
_a259, [3] с. _cил., цв. ил., портр., факс. _d29 |
||
| 300 | _aТекст парал. на рус. и англ. яз. | ||
| 320 | _aБиблиогр. в тексте | ||
| 510 | 1 |
_aHe and She (Lev Tolstoy and Sofia Tolstaya) _zeng |
|
| 600 | 1 |
_aТолстой _bЛ. Н. _f1828 - 1910 _gЛев Николаевич _jДокументы и материалы _91651221 _3RU\NLR\auth\66730813 |
|
| 600 | 1 |
_aТолстая _bС.А. _f1844 - 1919 _gСофия Андреевна _jДокументы и материалы _91770807 _3RU\NLR\auth\661089874 |
|
| 686 | _aШ5(2=Р)52-4Толстой1я6 | ||
| 702 | 1 |
_aКалинина _bН. А. _4220 |
|
| 702 | 1 |
_4570 _8rus _7ca _aТолстой _bЛ. Н. _f1828-1910 _gЛев Николаевич _3RU\NLR\auth\771515 _9111537 |
|
| 702 | 1 |
_4570 _8rus _7ca _aТолстая _bС. А. _cжена Л.Н.Толстого _f1844-1919 _gСофья Андреевна _3RU\NLR\AUTH\7767383 _950311 |
|
| 712 | 0 | 2 |
_4570 _aГосударственный музей Л. Н. Толстого _cМосква _3RU\NLR\AUTH\8810024266 _9546714 |
| 801 | 0 |
_aRU _bNLR _c20120628 _gRCR |
|
| 801 | 1 |
_aRU _bNLR _c20120628 |
|
| 942 | _cBOOK | ||
| 980 | _aNBR | ||